000 00738nam a2200217Ia 4500
003 GCL
008 140319s9999 xx 000 0 ara d
040 _aGCL /
_cGCL
082 0 4 _a155.418
_bهـ ت
100 1 _aهمفيل بار بارا
245 1 0 _aترويض النمر الورقى : تنظيم الاوراق فى حياتك /
_cهمفيل بار بارا
700 1 _aابراهيم على البداح
700 1 _aسمير مصطفى محمود (مراجع)
260 _a[S.N] :
_bالادارة العامة للبحوث ،
_c1992
300 _a174 ص
490 _a
650 0 4 _aالسلوك
650 0 4 _aعلم النفس الاجتماعى
650 0 4 _aالارشاد الاجتماعى
942 _2ddc
_cBK
999 _c33419
_d33419